| 000 | 01526 a2200361 4500 | ||
|---|---|---|---|
| 001 | 21210139 | ||
| 003 | 0000 | ||
| 005 | 20251015101355.0 | ||
| 008 | 190918s2019 enk 000 0 eng | ||
| 010 | _a 2019040320 | ||
| 020 | _a9780367350789 | ||
| 020 | _z9781000627480 | ||
| 035 | _a21210139 | ||
| 040 |
_aDLC _beng _cDLC _erda _dDLC |
||
| 042 | _apcc | ||
| 043 | _ae-uk-en | ||
| 050 | 0 | 0 | _aHD 1387 .D32 |
| 082 | 0 | 0 |
_a650.01/513 _223 |
| 110 | _aUniversity College of Estate Management | ||
| 245 | 0 | 0 |
_aParry's valuation and investment tables : _ba University College of Estate Management book. |
| 250 | _aCentenary edition. | ||
| 264 | 1 |
_aLondon ; _aNew York, NY : _bRoutledge, Taylor & Francis Group, _c2020. |
|
| 300 |
_axlii. 507 pages ; _c22 cm |
||
| 336 |
_atext _btxt _2rdacontent |
||
| 337 |
_aunmediated _bn _2rdamedia |
||
| 338 |
_avolume _bnc _2rdacarrier |
||
| 520 |
_a"In print for over 100 years, this invaluable research for property professionals and students is being re-editioned to celebrate the centenary year of the University College of Estate Management"-- _cProvided by publisher. |
||
| 650 | 0 |
_aReal property _xValuation _zEngland. |
|
| 776 | 0 | 8 |
_iOnline version: _tParry's valuation and investment tables _bCentenary edition. _dMilton Park, Abingdon, Oxon ; New York, NY : Routledge, 2019. _z9780429329562 _w(DLC) 2019040321 |
| 906 |
_a7 _bcbc _corignew _d1 _eecip _f20 _gy-gencatlg |
||
| 942 |
_2lcc _cBK |
||
| 999 |
_c43778 _d43778 |
||